00381 a2200121 4500001000900000005001700009008004100026245005800067100002400125700001900149773007400168999001700242ART_928020260410161846.0260409a 10aMonetarismo global, empleo y estratificación social1 aTokman, Víctor E.1 aLagos, Ricardo0 tEl trimestre económicog- Vol. L, Nº 199 (jul./set. 1983)wREV6933 c24536d24536